000 01231nam a22003017a 4500
999 _c3458
_d3458
003 AR-CdUCM
008 190306b ||||| |||| 00| 0 spa d
020 _a9786124582523
040 _aMUNICIPALIDAD PROVINCIAL DEL CUSCO
_cBIBLIOTECA MUNICIPAL DEL CUSCO
082 _a363.69 /
_bP151
100 _aPjuelo Teves, Ramon
_911384
110 _aUNESCO - CRESPIAL
_911385
245 _aExperiencias y políticas de salvaguarda del patrimonio cultural inmaterial en América Latina /
260 _aPerú :
_bUNESCO - CRESPIAL,
_c2010.
300 _a115 páginas ;
_c24 cm.
505 _aAnálisis de las experiencias nacionales -- Chile, diagnostico registro e inventario del PCI en Chile --Diagnostico regional sobre identificación y registro del patrimonio cultural inmaterial, Ecuador...
650 _aPatrimonio.
_95523
650 _aPatrimonio cultural inmaterial.
_911386
650 _aPolíticas culturales.
_911387
650 _aSalvaguardia.
_911388
700 _aColombre, Adolfo
_911389
700 _aCorsino, Celia Maria
_911390
700 _aDores Freire, Maria Das
_911391
700 _aSempertegui Miranda, Luis
_911392
700 _aTherrien, Monika
_911393
942 _2ddc
_cLIBROS
945 _awfj
_d2019-03-06